[Event "Santos Paulista Absoluto"]
[Site "Santos"]
[Date "2010.08.22"]
[Round "6"]
[White "Pereira, Amanda Marques"]
[Black "De Assis, Washington Luis"]
[Result "1-0"]
[WhiteElo "1986"]
[BlackElo "1823"]
[PlyCount "45"]
[EventDate "2010.08.19"]
[EventType "swiss"]
[EventRounds "7"]
[EventCountry "BRA"]
[SourceTitle "CBM 138 Extra"]
[Source "ChessBase"]
[SourceDate "2010.10.29"]
[SourceVersion "1"]
[SourceVersionDate "2010.10.29"]
[SourceQuality "1"]

1. e4 Nf6 2. e5 Nd5 3. c4 Nb6 4. d4 d6 5. f4 dxe5 6. fxe5 Nc6 7. Be3 Bf5 8. Nc3 e6 9. Nf3 Be7 10. Be2 0-0 11. 0-0 Rc8 12. a3 Re8 13. b4 Bf8 14. Qe1 Bg4 15. Qf2 Bxf3 16. Qxf3 Qe7 17. Bd3 Nd7 18. Ne4 Ncxe5 19. dxe5 Nxe5 20. Qg3 Nxd3 21. Bg5 Qd7 22. Nf6+ gxf6 23. Bxf6+ 1-0

[Event "Santos Paulista Absoluto"]
[Site "Santos"]
[Date "2010.08.20"]
[Round "2"]
[White "De Assis, Washington Luis"]
[Black "Rosito, Jorge"]
[Result "0-1"]
[WhiteElo "1823"]
[BlackElo "2422"]
[PlyCount "72"]
[EventDate "2010.08.19"]
[EventType "swiss"]
[EventRounds "7"]
[EventCountry "BRA"]
[SourceTitle "CBM 138 Extra"]
[Source "ChessBase"]
[SourceDate "2010.10.29"]
[SourceVersion "1"]
[SourceVersionDate "2010.10.29"]
[SourceQuality "1"]

1. c4 e5 2. Nc3 Nc6 3. Nf3 g6 4. d4 exd4 5. Nxd4 Bg7 6. e3 Nge7 7. Be2 0-0 8. 0-0 Re8 9. Nxc6 bxc6 10. Qc2 d6 11. Bf3 Bd7 12. Bd2 Nf5 13. Rab1 Nh4 14. Qd1 Be5 15. e4 f5 16. exf5 Nxf3+ 17. Qxf3 Bxf5 18. Rbc1 Qh4 19. g3 Qxc4 20. b3 Bg4 21. Qe3 Qf7 22. Qg5 Bh3 23. f4 Bf6 24. Qh6 Bd4+ 25. Rf2 Bf5 26. Kg2 Bxf2 27. Kxf2 Re7 28. Ne2 Rae8 29. Re1 Bg4 30. Nd4 Rxe1 31. Bxe1 Qd5 32. Bc3 Re2+ 33. Nxe2 Qf3+ 34. Kg1 Qe3+ 35. Kf1 Bxe2+ 36. Ke1 Bf3+ 0-1